| 000 | 00469nam a2200169Ia 4500 | ||
|---|---|---|---|
| 999 |
_c11955 _d11955 |
||
| 082 | _a303.601 BOU-; | ||
| 100 | _aBoulding, Kenneth E. | ||
| 245 | 0 | _aConflict and defense: a general theory | |
| 260 |
_aNew York _bHarper & Row Publishers _c1963 |
||
| 300 | _a349p. | ||
| 650 | _aIntergroup relations | ||
| 650 | _aSocial psychology | ||
| 650 | _aDisarmament - Economic aspects | ||
| 650 | _aSocial conflict | ||
| 650 | _aInternational relations | ||
| 942 |
_cBK _2ddc |
||